000 00298nam a22001337a 4500
003 SGT
082 _a617.7
_bM200B
100 _aBAHADUR, GARVIN G.
245 _aMANUAL OF CATARACT SURGERY
260 _aBOSTON
_bBH. PUB
_c2000
300 _a105
650 _aOPHTHALMOLOGY
942 _2ddc
_cBK
_01
999 _c14647
_d14647